Ramones Members - Statistics

General Stats
  • This quiz has been taken 32 times
  • The average score is 6 of 8
Answer Stats
Picture Answer % Correct
Dee Dee
100%
Joey
100%
Johnny
94%
Marky
88%
Tommy
88%
C.J
59%
Elvis
59%
Richie
29%
No matching quizzes found
Score Distribution
Percent of People with Each Score
Percentile by Number Answered
Your Score History
You have not taken this quiz